1503 1808 1470 1823 1458 1349 1023 1797 1955 1297 1338 1268 1906 1805 1570 1467 1519 1955 1258 1593 1115 1692 1870 1746 1698 1162 1332 1516 1091 1935 1644 1733 1676 1151 1464 1650 1687 1718 1830 1381 1507 1564 1975 1077 1400 1726 1414 1207 1145 1023 1102 1188 1015 1346 1369 1373 1270 1716 1017 1309 1805 1463 1494 1308 1028 1248 1005 1921 1341 1867 1993 1587 1178 1507 1095 1614 1852 1118 1748 1985 1759 1907 1669 1787 1093 1720 1893 1349 1609 1267 1673 1604 1959 1870 1149 1481 1085 1674 1215 BCNSPRNW ULIB Ver.6.0+V

เปลี่ยนเป็นภาษาไทย

Change to English
 แสดงรายละเอียดบรรณานุกรม
  กลับหน้าหลัก

Brief Record : Get Marc (ISO 2709) : E-mail record : QR code < ปิดหน้าต่าง
LEADER : 00000nam 2200000uu 4500
001    13399125955
003     ULIB
008    171123s||||||||th 000 0 tha d
020    ^a9789740944683 ^c300
060 04 ^aWY105 ^bอ792ก
100 0  ^aอุดมรัตน์ สงวนศิริธรรม
245 10 ^aการพัฒนาวิชาชีพการพยาบาล = ^bProfessional nursing development /^cอุดมรัตน์ สงวนศิริธรรม
246 31 ^aProfessional nursing development
250    ^aพิมพ์ครั้งที่ 2
260    ^aเชียงใหม่ : ^bโรงพิมพ์ช้างเผือก, ^c2553
300    ^aXIV, 306 หน้า
504    ^aบรรณานุกรมท้ายบท
504    ^aดัชนีท้ายเล่ม
590    ^aP-T-56
650  7 ^aการพยาบาล
650  7 ^aการพยาบาล ^xมาตรฐาน
650  7 ^aพยาบาล
650  7 ^aการพัฒนาบุคลากร
710 2  ^aมหาวิทยาลัยเชียงใหม่ ^bคณะพยาบาลศาสตร์
945    ^p0^l0^i003395
999    ^aประนอม เกษจรัล
รายการนี้ยังไม่มีแท็ก
คุณยังไม่ได้ล็อกอิน คุณสามารถมีกิจกรรมร่วมกับเว็บไซต์ได้ แต่ต้องล็อกอินก่อน ::
  ล็อกอิน

รายการสื่อสารสนเทศ

ลำดับที่ ประเภท เลขเรียก/บาร์โค้ด สถานที่ สถานะ
1. วิทยาศาสตร์การแพทย์ และสุขภาพ
วิทยาศาสตร์การแพทย์ และสุขภาพ
WY105 อ792ก ฉ.1 
  Barcode: 003395
ห้องสมุดวิทยาเขตสวรรค์ประชารักษ์
►ส่วนจัดเก็บหนังสือเก่า สปร
บนชั้น
  ขอยืม

รายการใกล้เคียง
    ผู้แต่ง [อุดมรัตน์ สงวนศิริธรรม]

    หัวเรื่อง [การพยาบาล]
    หัวเรื่อง [พยาบาล]
    หัวเรื่อง [การพัฒนาบุคลากร]

BibComment


ยังไม่เคยถูกคอมเมนท์

คอมเมนท์ทรัพยากรรายการนี้
  คอมเมนท์: การพัฒนาวิชาชีพก..


 Copyright 2026. Bcnsprnw @Library